Ispytanije konstrukcij i sooruženij

Gespeichert in:
Bibliographische Detailangaben
1. Verfasser: Dolidze, D.E (Verfasst von)
Format: Buch
Sprache:Russisch
Veröffentlicht: Moskva : Vysšaja škola, 1975
Tags: Tag hinzufügen
Keine Tags, Fügen Sie das erste Tag hinzu!

MARC

LEADER 00000nam a22000003a 4500
001 stu203226
005 20150617230109.0
008 100504s1975----xxr-----------------rus-d
040 |a STU  |b slo 
041 0 |a rus 
044 |a xxr 
080 |a 620.1 
100 1 |a Dolidze, D.E.  |4 aut 
245 1 |a Ispytanije konstrukcij i sooruženij 
260 |a Moskva :  |b Vysšaja škola,  |c 1975 
300 |a 251 s 
996 |c V*14659/O-4906  |l VV9  |s P  |a 0  |w stu203226_0002